Entry Konu Terimi
001 - KONTROL NUMARASI
- Kontrol alanı: 74611
003 - KONTROL NUMARASI KİMLİĞİ
- Kontrol alanı: TR-BiSEU
005 - SON İŞLEM TARİHİ VE ZAMANI
- Kontrol alanı: 20260207003154.0
008 - SABİT UZUNLUKTAKİ VERİ ÖGELERİ - GENEL BİLGİ
- Sabit uzunlukta kontrol alanı: 260207|| aca||aabn | a|a d
040 ## - KATALOGLAMA KAYNAĞI
- Özgün kataloglama kurumu: TR-BiSEU
- Çeviri kurumu: TR-BiSEU
150 ## - KONU BAŞLIKLARI - KONU TERİMİ
- Konu terimi: Çömlekçilik--21. yy.--Sergiler
670 ## - BİLGİNİN KAYNAĞI
- Bilginin alındığı kaynak: KOHA: (TR-BiSEU)40087: Uluslararası Sırüstü-Sıraltı Resimli Sempozyumu (2. : 2011 : Eskişehir) 74608, II. Uluslararası sırüstü-sıraltı resimli sempozyumu, 20 Haziran-01 Temmuz 2011 =
